Soccer Players by Nicknames - Statistics

General Stats
  • This quiz has been taken 21 times
  • The average score is 6 of 12
Answer Stats
Hint Answer % Correct
Hurri-Kane Kane
94%
La Pulga Messi
69%
The Pharaoh Salah
69%
El Bicho Ronaldo
56%
The Golden Boy Yamal
56%
Captain America Pulisic
50%
Donatello Mbappe
44%
Kompa Kompany
38%
The Swedish Sniper Isak
31%
Spanish Wizard Pedri
31%
Hamburger Hazard
25%
Magician Neymar
25%
No matching quizzes found
Score Distribution
Percent of People with Each Score
Percentile by Number Answered
Your Score History
You have not taken this quiz